Dištančné vzdelávanie na Katedre aplikovanej informatiky a výpočtovej techniky NHF EU

Význam predmetu Informatika na NHF EU. E-learning v dištančnom vzdelávaní. Konštruktivizmus a e-learning. Využívanie e-learningových prostriedkov v pedagogickom procese - zvýšené nároky na pedagógov.

Gespeichert in:
Bibliographische Detailangaben
1. Verfasser: Gašperanová, Agneša
Format: Buchkapitel
Sprache:Slowakisch
Schlagworte:
Tags: Tag hinzufügen
Keine Tags, Fügen Sie das erste Tag hinzu!

MARC

LEADER 00000nla$a2200000$$$4500
001 0093208
005 20240502072035.3
041 0 |a slo 
044 |a SK 
245 1 0 |a Dištančné vzdelávanie na Katedre aplikovanej informatiky a výpočtovej techniky NHF EU  |c Agneša Gašperanová 
520 |a Význam predmetu Informatika na NHF EU. E-learning v dištančnom vzdelávaní. Konštruktivizmus a e-learning. Využívanie e-learningových prostriedkov v pedagogickom procese - zvýšené nároky na pedagógov. 
610 2 0 |a vzdelávanie dištančné 
610 2 0 |a vzdelávanie elektronické 
610 2 0 |a predmety učebné 
610 2 0 |a informatika 
610 2 0 |a študenti 
610 2 0 |a komunikácia elektronická 
100 1 |a Gašperanová, Agneša